000 00770nam a2200253 4500
003 OSt
005 20240610011221.0
006 a
008 240610b |||||||| |||| 00| 0 eng d
020 _a9781452258782
040 _aDWCL-Main lib.
_cOC
082 _2third edition
_aCirc. 808.0663 J88w 2013
100 _aJoyner, Randy L.
245 _aWriting the winning thesis and dissertation : a step-by-step guide /
250 _athird edition
260 _aCalifornia :
_bCorsin,
_cc2013.
300 _axix,
_b303 p. ;
_c22 cm.
504 _aIncludes bibliographical references.
650 _a1. Dissertations, Academic.
650 _a2. Report writing.
650 _a3. Research.
700 _aRandy L Joyner
942 _2ddc
_n0
_cBK-CIRC
_ethird edition
_kCirc.
999 _c414
_d414